Neuvostoliitto-Visa - Statistics

Yleistilastot
  • Tätä visaa on pelattu 72 kertaa
  • Keskiarvotulos 14 / 20
Vastaustilastot
Vihje Vastaus % Oikein
Henkilö joka johti Neuvostoliittoa 1920-luvultavuoteen 1953 Josif Stalin
95%
Neuvostoliiton ensimmäinen johtaja Vladimir Lenin
90%
Nimitys Neuvostoliiton asevoimille {Puna} Armeija
89%
Maat, joihin Neuvostoliitto hyökkäsi 1939 Suomi
81%
Neuvostoliiton versio astronautista Kosmonautti
79%
Ainoa poliittinen puolue Kommunistinen puolue
76%
Neuvostoliiton viimeinen johtaja Mihail Gorbatšov
76%
Maat, joihin Neuvostoliitto hyökkäsi 1939 Puola
75%
Vuonna 1986 tuhoutunut ydinvoimala Tšernobyl
75%
Ensimmäinen maapallon kiertänyt ihminen Juri Gagarin
73%
Maa, johon Neuvostoliitto hyökkäsi 1979 Afganistan
71%
Neuvostoliiton valtiollinen turvallisuuspoliisi KGB
71%
NATO:n vastapainoksi perustettu sotilasliitto {Varsovan} Liitto
70%
Tärkein vientituote Öljy
68%
Yllä olevan äidinkieli Georgia
60%
Termi Neuvostoliiton vankileirille Gulag
59%
Sisin päättävä komitea {Polit}byroo
41%
Virallinen valtion sanomalehti Pravda
35%
Vuonna 1957 laukaistu satelliitti Sputnik 1
35%
Neuvostoliiton nimitys joka tarkoittaa ”Maanmiestä” Toveri
33%
Ehtoja vastaavia visoja ei löytynyt
Tulosjakauma
Jokaisen tuloksen saaneiden osuus
Persentiili vastausten määrän mukaan
Tuloshistoriasi
Et ole pelannut tätä visaa